| 000 | 00858cam a2200265 a 4500 | ||
|---|---|---|---|
| 001 | 000019752 | ||
| 005 | 20200929170127.0 | ||
| 008 | 880808s1970 sp 001 e spa d | ||
| 040 |
_aDO-SdBNP _bspa _cLC _dOxford _dBNPHU |
||
| 082 |
_a864.6 _bÓ77g, 1970 |
||
| 100 | 1 |
_aOrtega y Gasset, José, _d1883-1955. _95769 |
|
| 245 | 1 | 0 |
_aGoya / _cJosé Ortega y Gasset. |
| 250 | _a2a ed. | ||
| 260 |
_aMadrid : _bEspasa-Calpe, _c1970. |
||
| 300 |
_a139, [16] p. ; _c18 cm. |
||
| 490 | 1 |
_aAustral. Verde: ensayos y filosofía _v1333 |
|
| 500 | _aIncluye índice de autores | ||
| 650 | 4 |
_aEnsayos españoles _93095 |
|
| 650 | 4 |
_aLiteratura española _9632 |
|
| 600 | 1 | 0 |
_aGOYA Y LUCIENTES, FRANCISCO, _d1746-1828 _942212 |
| 830 | 0 |
_aAustral. _pVerde: ensayos y filosofía _v1333 _98733 |
|
| 910 | _aCatalogación derivada /Oxford | ||
| 910 | _aWM | ||
| 049 | _aBNGR | ||
| 999 |
_c19266 _d19266 |
||